Информационная система учета патентов и лицензий ЮТИ ТПУ; Современные технологии поддержки принятия решений в экономике

Détails bibliographiques
Parent link:Современные технологии поддержки принятия решений в экономике.— 2014.— [С. 149-151]
Auteur principal: Рахимов И. Р.
Collectivité auteur: Национальный исследовательский Томский политехнический университет (ТПУ) Юргинский технологический институт (филиал) (ЮТИ) Кафедра информационных систем (ИС)
Autres auteurs: Важдаев А. Н. Андрей Николаевич (научный руководитель)
Résumé:Заглавие с титульного экрана
Langue:russe
Publié: 2014
Collection:Информационные технологии интеллектуальной поддержки принятия решений в экономике
Sujets:
Accès en ligne:http://earchive.tpu.ru/handle/11683/69502
http://www.lib.tpu.ru/fulltext/c/2014/C79/061.pdf
Format: Électronique Chapitre de livre
KOHA link:https://koha.lib.tpu.ru/cgi-bin/koha/opac-detail.pl?biblionumber=608060

MARC

LEADER 00000naa2a2200000 4500
001 608060
005 20260317095410.0
035 |a (RuTPU)RU\TPU\conf\5490 
035 |a RU\TPU\conf\5487 
090 |a 608060 
100 |a 20140914d2014 k y0rusy50 ca 
101 0 |a rus 
102 |a RU 
135 |a drgn ---uucaa 
181 0 |a i  
182 0 |a b 
200 1 |a Информационная система учета патентов и лицензий ЮТИ ТПУ  |f И. Р. Рахимов  |g науч. рук. А. Н. Важдаев 
203 |a Текст  |c электронный 
225 1 |a Информационные технологии интеллектуальной поддержки принятия решений в экономике 
300 |a Заглавие с титульного экрана 
320 |a [Библиогр.: с. 151 (5 назв.)] 
337 |a Adobe Reader 
463 0 |0 (RuTPU)RU\TPU\conf\5406  |t Современные технологии поддержки принятия решений в экономике  |o сборник трудов Всероссийской научно-практической конференции студентов, аспирантов и молодых ученых, 28-20 апреля 2014 г., г. Юрга  |f Национальный исследовательский Томский политехнический университет (ТПУ), Юргинский технологический институт (ЮТИ) ; отв. ред. А. А. Захарова  |v [С. 149-151]  |d 2014 
601 0 2 |a Томский политехнический университет (ТПУ)  |b Юргинский технологический институт (ЮТИ)  |c (2003-2009)  |2 stltpush  |3 (RuTPU)RU\TPU\col\12451 
610 1 |a труды учёных ТПУ 
610 1 |a электронный ресурс 
610 1 |a информационные системы 
610 1 |a учет 
610 1 |a патенты 
610 1 |a лицензии 
610 1 |a интеллектуальная собственность 
700 1 |a Рахимов  |b И. Р. 
702 1 |a Важдаев  |b А. Н.  |c специалист в области информационных систем  |c старший преподаватель Юргинского технологического института (филиал) Томского политехнического университета  |f 1981-  |g Андрей Николаевич  |4 727 
712 0 2 |a Национальный исследовательский Томский политехнический университет (ТПУ)  |b Юргинский технологический институт (филиал) (ЮТИ)  |b Кафедра информационных систем (ИС)  |3 (RuTPU)RU\TPU\col\18893 
801 2 |a RU  |b 63413507  |c 20220214  |g RCR 
856 4 |u http://earchive.tpu.ru/handle/11683/69502 
856 4 |u http://www.lib.tpu.ru/fulltext/c/2014/C79/061.pdf 
942 |c BK